Outre-Mer (Registro nro. 310442)

Detalles MARC
000 -ENCABEZADO
Número de control [NR] 01773nam a22002897a 4500
005 - FECHA Y HORA DE LA ÚLTIMA TRANSACCIÓN
control field 20180821150212.0
008 - DE LONGITUD FIJA DE DATOS DE ELEMENTOS - INFORMACIÓN GENERAL
Elementos de longitud fija [NR] 140429n fr ||||fr|||| 001 f fre d
040 ## - FUENTE DE CATALOGACION [NR]
Quien Cataloga Sandra Yazo
Quien Clasifica Sandra Yazo
041 0# - CODIGO DE IDIOMA [R]
Código de idioma para texto/pista de sonido o título separado [R] Francés
082 04 - NUMERO DE CLASIFICACION DECIMAL DEWEY [R]
Número de la edición [NR] 843.3
Número de clasificación [R] 20
092 ## - SIGNATURA TOPOGRAFICA LOCAL
Número de clasificación local E47N014
100 1# - ASIENTO PRINCIPAL--NOMBRE PERSONAL [NR]
Nombre personal [NR] Bourget, Paul
Fechas asociadas con el nombre [NR] 1852-1935
ID Autoridad 60359
242 00 - TRADUCCION DEL TITULO POR LA AGENCIA CATALOGADORA [R]
Título [NR] Ultramar
Parte restante del título [NR] Notas sobre América
Mención de responsabilidad, etc. [NR] Pablo Bourget
Código de idioma del título traducido [NR] spa
245 10 - MENCION DE TITULO [NR]
Título [NR] Outre-Mer
Parte restante del título [NR] Notes sur l’ Amérique
Mención de responsabilidad, etc. [NR] Paul Bourget
250 ## - MENCION DE EDICION [NR]
Mención de edición [NR] Édition définitive [Edición definitiva]
260 ## - PUBLICACION, DISTRIBUCION, ETC. (PIE DE IMPRENTA) [R]
Lugar de publicación, distribución, etc. [R] París (Francia)
Nombre del editor, distribuidor, etc. [R] Librairie Plon ; Plon-Nourrit et Cie. [Librería Plon ; Plon-Nourrit y Compañía]
Fecha de publicación, distribución, etc. [R] [fecha desconocida]
300 ## - DESCRIPCION FISICA [R]
Extensión [R] 2 volúmenes (iv, 311 ; 329 páginas)
Dimensiones [R] 18 x 12 cm
500 ## - NOTA GENERAL [R]
Nota general [NR] Detalles físicos: Encuadernación rígida (holandesa) en cartón forrado en papel jaspeado. Lomo de tela texturizada, con letras y líneas decorativas en dorado. Guardas. Anteportada. Portada impresa en una sola tinta: grabado con marca tipográfica del editor-impresor. Texto impreso en una sola columna. Índice. Papel manchado con oxidación. Tapas con residuos de cinta pegante. Portada con sello de tinta.
505 0# - NOTA DE CONTENIDO CON FORMATO PREESTABLECIDO [R]
Nota de contenido con formato preestablecido [NR] V.1: Dedicatoria ; En el mar ; La primera semana ; La sociedad: una ciudad de veraneo ; La sociedad: Las mujeres y las jovencitas ; Personajes de negocios ; Las clases bajas: los obreros -- V.2: Las clases bajas: granjeros y vaqueros ; La educación ; Los placeres americanos ; En el Sur: Georgia y Florida ; El regreso
506 ## - NOTA DE RESTRICCIONES DE ACCESO [R]
Condiciones de acceso [NR] Consulta en sala
546 ## - NOTA DE IDIOMA [R]
Nota de idioma [NR] Texto en francés
650 #7 - ASIENTO SECUNDARIO DE MATERIA - TERMINO TEMATICO [R]
9 (RLIN) 7794
Término temático o nombre geográfico como elemento de entrada [NR] Literatura francesa
650 #7 - ASIENTO SECUNDARIO DE MATERIA - TERMINO TEMATICO [R]
9 (RLIN) 20506
Término temático o nombre geográfico como elemento de entrada [NR] Novela francesa
Subdivisión cronológica [R] Siglo XIX - XX
650 #7 - ASIENTO SECUNDARIO DE MATERIA - TERMINO TEMATICO [R]
9 (RLIN) 23490
Término temático o nombre geográfico como elemento de entrada [NR] Relatos de viajes
Subdivisión geográfica [R] America
690 ## - ASUNTO AGREGADO LOCAL DE ENTRADA - TÉRMINO TEMÁTICO (OCLC, RLIN)
Acceso temático local Literatura europea
9 (RLIN) 26524
942 ## - ELEMENTOS DE ENTRADA AGREGADOS (KOHA)
Tipo de ítem principal el descrito en 300a Libro
Edición 1
Sistema de clasificación LOCAL
Clasificación E47N014
Existencias
Suprimido Perdido Sistema de clasificación Dañado No prestable Tipo de ítem específico Ubicación habitual Ubicación actual Localización Fecha de creación Forma de adquisición Costo Volúmen / Fascículo Total préstamos Signatura topográfica Código de barras Última vez visto Ejemplar Price effective from Tipo de ítem
    LOCAL     Libro archivo Archivo Histórico Archivo Histórico Archivo histórico 21/08/2018 Donación 0.00 V.1   E47N014 L006690 21/08/2018 Ej.1 21/08/2018 Libro
    LOCAL     Libro archivo Archivo Histórico Archivo Histórico Archivo histórico 21/08/2018 Donación 0.00 V.2   E47N014 L006691 21/08/2018 Ej.1 21/08/2018 Libro